[Event "Dnipropetrovsk (Women)"]
[Site "Dnipropetrovsk"]
[Date "2013.09.22"]
[Round "9"]
[White "Orlyanskaya, Darya"]
[Black "Sukhareva, Evgenia"]
[Result "1/2-1/2"]
[WhiteElo "2053"]
[BlackElo "2215"]
[PlyCount "160"]
[EventDate "2013.09.15"]
[EventType "tourn"]
[EventRounds "9"]
[EventCountry "UKR"]
[SourceTitle "CBM 156 Extra"]
[Source "ChessBase"]
[SourceDate "2013.10.22"]
[SourceVersion "1"]
[SourceVersionDate "2013.10.22"]
[SourceQuality "1"]

1. e4 c5 2. Nf3 d6 3. d4 cxd4 4. Nxd4 Nf6 5. Nc3 a6 6. Be3 e5 7. Nb3 Be6 8. f3 Nbd7 9. Qd2 Rc8 10. g4 Nb6 11. Na5 Qc7 12. Qf2 Nfd7 13. Nb3 Nc4 14. Bxc4 Qxc4 15. 0-0-0 Be7 16. Kb1 0-0 17. g5 b5 18. Nd5 Bd8 19. h4 a5 20. Nc1 a4 21. Qe2 Qc6 22. Nb4 Qb7 23. a3 Rc4 24. c3 Re8 25. h5 Be7 26. g6 fxg6 27. hxg6 hxg6 28. Qg2 Nf8 29. Qh2 Rec8 30. Nd5 Bxd5 31. Rxd5 Qb8 32. Nd3 Ne6 33. Nb4 Rf8 34. Qh7+ Kf7 35. Rh6 Bf6 36. Qxg6+ Ke7 37. Rh7 Rh8 38. Rd1 Rxh7 39. Nd5+ Kd7 40. Qxh7 Kc6 41. Nxf6 gxf6 42. Qe7 Nc5 43. Bxc5 Rxc5 44. Qxf6 Qc7 45. Rg1 Kb6 46. Rg7 Qb8 47. Rd7 Rc6 48. Qe7 Kc5 49. Qf7 Kb6 50. Ka1 Qc8 51. Qe7 Qb8 52. Rd8 Qc7 53. Rd7 Qb8 54. Qf7 Qc8 55. Kb1 Qb8 56. Kc2 Qc8 57. Re7 Qb8 58. Qe6 Qh8 59. Qd7 Qb8 60. Rg7 Qa8 61. Kb1 Qb8 62. Re7 Kc5 63. Qe6 Kb6 64. Rg7 Qh8 65. Qf7 Qb8 66. Rg8 Qc7 67. Qf8 Qb7 68. Rg7 Qc8 69. Qf7 Qb8 70. Kc2 Qa8 71. Rg8 Qb7 72. Qxb7+ Kxb7 73. Rg7+ Kb6 74. Rf7 Rc8 75. b4 Rg8 76. Rf6 Kc7 77. f4 Rg2+ 78. Kb1 Rg1+ 79. Kc2 Rg2+ 80. Kb1 Rg1+ 1/2-1/2

[Event "Dnipropetrovsk (Women)"]
[Site "Dnipropetrovsk"]
[Date "2013.09.21"]
[Round "8"]
[White "Gritsayeva, Oksana"]
[Black "Orlyanskaya, Darya"]
[Result "1/2-1/2"]
[WhiteElo "2346"]
[BlackElo "2053"]
[PlyCount "67"]
[EventDate "2013.09.15"]
[EventType "tourn"]
[EventRounds "9"]
[EventCountry "UKR"]
[SourceTitle "CBM 156 Extra"]
[Source "ChessBase"]
[SourceDate "2013.10.22"]
[SourceVersion "1"]
[SourceVersionDate "2013.10.22"]
[SourceQuality "1"]

1. e4 c5 2. Nf3 Nc6 3. Bb5 g6 4. Bxc6 dxc6 5. h3 Bg7 6. d3 Nf6 7. a4 Nd7 8. 0-0 Nf8 9. Na3 e5 10. Nc4 Qc7 11. c3 Ne6 12. Re1 0-0 13. Be3 Rd8 14. Qc2 b6 15. b4 Ba6 16. bxc5 bxc5 17. Rad1 Bxc4 18. dxc4 f6 19. Nd2 Kf7 20. Nb3 Bf8 21. Kf1 Rxd1 22. Rxd1 Rd8 23. Ke2 Rxd1 24. Qxd1 Qd6 25. Qd3 Qxd3+ 26. Kxd3 Ke8 27. g3 g5 28. Ke2 Bd6 29. Kf3 Kf7 30. Kg4 Kg6 31. h4 h5+ 32. Kh3 g4+ 33. Kg2 f5 34. f3 1/2-1/2

[Event "Dnipropetrovsk (Women)"]
[Site "Dnipropetrovsk"]
[Date "2013.09.21"]
[Round "7"]
[White "Orlyanskaya, Darya"]
[Black "Doluhanova, Evgeniya"]
[Result "0-1"]
[WhiteElo "2053"]
[BlackElo "2323"]
[PlyCount "98"]
[EventDate "2013.09.15"]
[EventType "tourn"]
[EventRounds "9"]
[EventCountry "UKR"]
[SourceTitle "CBM 156 Extra"]
[Source "ChessBase"]
[SourceDate "2013.10.22"]
[SourceVersion "1"]
[SourceVersionDate "2013.10.22"]
[SourceQuality "1"]

1. e4 c5 2. Nf3 d6 3. d4 cxd4 4. Nxd4 Nf6 5. Nc3 a6 6. Rg1 e5 7. Nb3 Be6 8. g4 d5 9. exd5 Nxd5 10. Nxd5 Qxd5 11. Be3 Nc6 12. Qxd5 Bxd5 13. 0-0-0 0-0-0 14. Be2 Be7 15. Bb6 Rd7 16. Nc5 Bxc5 17. Bxc5 Rhd8 18. Bb6 Re8 19. Rge1 g6 20. c4 Be6 21. Rxd7 Kxd7 22. Rd1+ Kc8 23. a3 e4 24. h3 f5 25. b4 fxg4 26. hxg4 Ne5 27. Rd4 Bxg4 28. Rxe4 Bxe2 29. Rxe2 Nd3+ 30. Kd2 Rxe2+ 31. Kxe2 Nb2 32. Bd4 Nxc4 33. a4 Kd7 34. Kf3 Ke6 35. Kf4 Nd6 36. Bc5 Nf7 37. Bb6 h5 38. Be3 g5+ 39. Ke4 Nd6+ 40. Kf3 Kf5 41. Kg2 Nc4 42. Bd4 Ne5 43. Bc5 g4 44. a5 h4 45. Bf8 Nf3 46. Bd6 Ke4 47. Be7 Kd3 48. Bd6 Ke2 49. Bc5 Ne1+ 0-1

[Event "Dnipropetrovsk (Women)"]
[Site "Dnipropetrovsk"]
[Date "2013.09.18"]
[Round "4"]
[White "Balaian, Alina"]
[Black "Orlyanskaya, Darya"]
[Result "1/2-1/2"]
[WhiteElo "2226"]
[BlackElo "2053"]
[PlyCount "160"]
[EventDate "2013.09.15"]
[EventType "tourn"]
[EventRounds "9"]
[EventCountry "UKR"]
[SourceTitle "CBM 156 Extra"]
[Source "ChessBase"]
[SourceDate "2013.10.22"]
[SourceVersion "1"]
[SourceVersionDate "2013.10.22"]
[SourceQuality "1"]

1. e4 c5 2. Nf3 Nc6 3. d4 cxd4 4. Nxd4 Nf6 5. Nc3 e5 6. Ndb5 d6 7. Bg5 a6 8. Na3 b5 9. Nd5 Be7 10. Bxf6 Bxf6 11. c4 b4 12. Nc2 0-0 13. g3 a5 14. Bg2 Rb8 15. b3 Bg5 16. 0-0 Ne7 17. f4 Nxd5 18. Qxd5 Bb7 19. Qd3 Qb6+ 20. Qe3 Bd8 21. Kh1 Qxe3 22. Nxe3 Bb6 23. Nf5 Rfd8 24. Rad1 Bc5 25. Rd3 g6 26. Ne7+ Kg7 27. Nd5 Bd4 28. Ne3 Bc6 29. Rfd1 f6 30. h4 Re8 31. Kh2 Rbd8 32. f5 Rf8 33. g4 Kf7 34. Rf1 g5 35. hxg5 fxg5 36. Nc2 Bc5 37. Rh3 Kg7 38. Kg3 Rf6 39. Rfh1 h6 40. Kh2 Ra8 41. Ne3 a4 42. Nf1 axb3 43. axb3 Ra2 44. Ng3 Be8 45. Rd1 Kh7 46. Nf1 Rf7 47. Rhd3 Rd7 48. Kh3 Rb2 49. R1d2 Rxd2 50. Nxd2 Ra7 51. Kg3 Bc6 52. Kf3 Kg7 53. Ke2 Ra1 54. Rh3 Be8 55. Bf1 Bd4 56. Bg2 Rc1 57. Rh1 Rc2 58. Kd1 Ra2 59. Bf3 Bc3 60. Rh2 Bf7 61. Re2 Bd4 62. Nb1 Ra1 63. Kc2 Kf6 64. Rd2 Ke7 65. Rg2 Be8 66. Kc1 Kf6 67. Rh2 Kg7 68. Rg2 Bf7 69. Re2 Ra8 70. Rg2 Be3+ 71. Kb2 Kf6 72. Re2 Bd4+ 73. Kc1 Ra7 74. Rc2 Be3+ 75. Kb2 Ra8 76. Re2 Bc5 77. Kc1 Kg7 78. Rg2 Be3+ 79. Kb2 Rh8 80. Kc2 Ra8 1/2-1/2

[Event "Dnipropetrovsk (Women)"]
[Site "Dnipropetrovsk"]
[Date "2012.09.22"]
[Round "7"]
[White "Eidelson, Rakhil"]
[Black "Orlyanskaya, Darya"]
[Result "1-0"]
[WhiteElo "2184"]
[BlackElo "2074"]
[PlyCount "56"]
[EventDate "2012.09.16"]
[EventType "tourn"]
[EventRounds "9"]
[EventCountry "UKR"]
[SourceTitle "EXT 2013"]
[Source "ChessBase"]
[SourceDate "2012.11.22"]
[SourceVersion "1"]
[SourceVersionDate "2012.11.22"]
[SourceQuality "1"]

1. d4 f5 2. Bg5 c6 3. Nc3 Qb6 4. e4 Qxb2 5. Bd2 fxe4 6. Rb1 Qa3 7. Rb3 Qd6 8. Nxe4 Qxd4 9. Re3 e6 10. Nf3 Qb2 11. Bd3 Nh6 12. 0-0 Nf5 13. Ree1 Bb4 14. c3 Be7 15. Ne5 g6 16. Nc4 Qxa2 17. Qe2 b5 18. Ra1 Qxa1 19. Rxa1 bxc4 20. Bc2 0-0 21. Bg5 d5 22. Bxe7 Nxe7 23. Ng5 Rf6 24. Qe5 Kg7 25. Qd6 Nf5 26. Bxf5 Rxf5 27. Qe7+ Kh6 28. h4 Kh5 1-0

[Event "Dnipropetrovsk (Women)"]
[Site "Dnipropetrovsk"]
[Date "2012.09.20"]
[Round "5"]
[White "Orlyanskaya, Darya"]
[Black "Belenkaya, Dina"]
[Result "0-1"]
[WhiteElo "2074"]
[BlackElo "2170"]
[PlyCount "86"]
[EventDate "2012.09.16"]
[EventType "tourn"]
[EventRounds "9"]
[EventCountry "UKR"]
[SourceTitle "EXT 2013"]
[Source "ChessBase"]
[SourceDate "2012.11.22"]
[SourceVersion "1"]
[SourceVersionDate "2012.11.22"]
[SourceQuality "1"]

1. e4 c6 2. d4 d5 3. exd5 cxd5 4. c4 Nf6 5. Nc3 Nc6 6. Nf3 Be6 7. c5 g6 8. a3 Bg7 9. Be2 0-0 10. 0-0 Ne4 11. Be3 b6 12. Rc1 bxc5 13. Nxe4 dxe4 14. Rxc5 exf3 15. Bxf3 Nxd4 16. Bxa8 Qxa8 17. Bxd4 Rd8 18. Bxg7 Rxd1 19. Rxd1 Kxg7 20. b4 Qe4 21. h3 Bb3 22. Rdc1 Bd5 23. f3 Qe3+ 24. Kh2 Qxa3 25. b5 e6 26. Rc7 Qb2 27. R1c2 Qxb5 28. Rxa7 Bc4 29. Ra3 Qb8+ 30. g3 Qb1 31. Rf2 Qe1 32. Kg2 Qc1 33. Ra8 h5 34. h4 g5 35. hxg5 Qxg5 36. Ra4 Qc1 37. Rb4 h4 38. gxh4 Qf4 39. Rxc4 Qxc4 40. Kh3 Qc1 41. Rg2+ Kh6 42. Kg3 Kh5 43. Re2 Qg1+ 0-1

[Event "UKR-ch (Women)"]
[Site "Poltava"]
[Date "2010.11.13"]
[Round "1"]
[White "Dolzhikova, Kateryna"]
[Black "Orlyanskaya, Darya"]
[Result "1-0"]
[WhiteElo "2298"]
[BlackElo "2077"]
[PlyCount "33"]
[EventDate "2010.11.13"]
[EventType "swiss"]
[EventRounds "9"]
[EventCountry "UKR"]
[SourceTitle "CBM 139 Extra"]
[Source "ChessBase"]
[SourceDate "2011.01.05"]
[SourceVersion "1"]
[SourceVersionDate "2011.01.05"]
[SourceQuality "1"]

1. e4 c5 2. c3 e5 3. Nf3 Nc6 4. Bc4 Qc7 5. 0-0 Nf6 6. Na3 Be7 7. d4 d6 8. dxc5 dxc5 9. Ng5 0-0 10. Qb3 Na5 11. Bxf7+ Kh8 12. Qc2 Nxe4 13. Nxh7 Bf5 14. Nxf8 Rxf8 15. Bd5 Nf6 16. Qxf5 Nxd5 17. Qh3+ 1-0

[Event "Rudenko Memorial (Women)"]
[Site "Poltava"]
[Date "2010.08.07"]
[Round "9"]
[White "Orlyanskaya, Darya"]
[Black "Malimonenko, Vita"]
[Result "1-0"]
[WhiteElo "2036"]
[BlackElo "2222"]
[PlyCount "49"]
[EventDate "2010.08.03"]
[EventType "tourn"]
[EventRounds "11"]
[EventCountry "UKR"]
[SourceTitle "CBM 137 Extra"]
[Source "ChessBase"]
[SourceDate "2010.09.01"]
[SourceVersion "1"]
[SourceVersionDate "2010.09.01"]
[SourceQuality "1"]

1. e4 e5 2. Nf3 Nc6 3. Bb5 Nge7 4. 0-0 h6 5. c3 a6 6. Ba4 d6 7. h3 Bd7 8. d4 Ng6 9. Be3 b6 10. Re1 Be7 11. Nbd2 Bf6 12. Nf1 b5 13. Bc2 0-0 14. Ng3 Nf4 15. Bxf4 exf4 16. Nh5 Bg5 17. h4 Bxh4 18. Nxf4 Bg5 19. Nxg5 Qxg5 20. g3 Rae8 21. Qd3 f5 22. e5 dxe5 23. dxe5 Bc8 24. Qd5+ Kh8 25. Qxc6 1-0

[Event "Rudenko Memorial (Women)"]
[Site "Poltava"]
[Date "2010.08.06"]
[Round "7"]
[White "Orlyanskaya, Darya"]
[Black "Malimonenko, Svetlana"]
[Result "1/2-1/2"]
[WhiteElo "2036"]
[BlackElo "1892"]
[PlyCount "55"]
[EventDate "2010.08.03"]
[EventType "tourn"]
[EventRounds "11"]
[EventCountry "UKR"]
[SourceTitle "CBM 137 Extra"]
[Source "ChessBase"]
[SourceDate "2010.09.01"]
[SourceVersion "1"]
[SourceVersionDate "2010.09.01"]
[SourceQuality "1"]

1. e4 e5 2. Nf3 d6 3. d4 exd4 4. Nxd4 Nf6 5. Nc3 Be7 6. Be2 Bd7 7. 0-0 Nc6 8. h3 Nxd4 9. Qxd4 0-0 10. Be3 Re8 11. Bf3 Bc6 12. Nd5 Nd7 13. Be2 Bf6 14. Nxf6+ Qxf6 15. f3 Qxd4 16. Bxd4 d5 17. exd5 Bxd5 18. Rfe1 c6 19. a3 Ne5 20. Bxe5 Rxe5 21. Bd3 Rae8 22. Kf2 Rxe1 23. Rxe1 Rxe1 24. Kxe1 Kf8 25. Kf2 h6 26. f4 Ke7 27. h4 f6 28. g3 1/2-1/2

[Event "UKR-ch (Women)"]
[Site "Evpatoria"]
[Date "2009.05.31"]
[Round "9"]
[White "Tantsiura, Marja"]
[Black "Orlyanskaya, Darya"]
[Result "1/2-1/2"]
[WhiteElo "2008"]
[BlackElo "2053"]
[PlyCount "93"]
[EventDate "2009.05.23"]
[EventType "swiss"]
[EventRounds "9"]
[EventCountry "UKR"]
[SourceTitle "CBM 130 Extra"]
[Source "ChessBase"]
[SourceDate "2009.07.02"]
[SourceVersion "2"]
[SourceVersionDate "2009.07.15"]
[SourceQuality "1"]

1. e4 c5 2. Nf3 Nc6 3. d4 cxd4 4. Nxd4 Nf6 5. Nc3 e5 6. Ndb5 d6 7. Bg5 a6 8. Na3 b5 9. Nd5 Be7 10. Bxf6 Bxf6 11. c3 Bg5 12. Nc2 Ne7 13. a4 bxa4 14. Rxa4 Nxd5 15. Qxd5 Be6 16. Qd1 0-0 17. Nb4 a5 18. Nd5 f5 19. exf5 Rxf5 20. Bc4 Kh8 21. 0-0 Rc8 22. Ba2 Bd7 23. Rc4 Bb5 24. Rxc8 Qxc8 25. c4 Be8 26. Qg4 h5 27. Qh3 Bd7 28. Nb6 Qe8 29. Nxd7 Qxd7 30. Bb1 Rf7 31. Qxh5+ Bh6 32. c5 Rf6 33. cxd6 g5 34. h4 gxh4 35. Qxh4 Qxd6 36. Qe4 Kg7 37. Qg4+ Kf8 38. Rd1 Qe6 39. Qxe6 Rxe6 40. b3 Rb6 41. Bc2 Rc6 42. Be4 Rc1 43. Rxc1 Bxc1 44. Kf1 Ke7 45. Ke2 Kf6 46. Kf3 Bd2 47. Kg4 1/2-1/2

[Event "UKR-ch (Women)"]
[Site "Evpatoria"]
[Date "2009.05.30"]
[Round "8"]
[White "Orlyanskaya, Darya"]
[Black "Dolzhikova, Kateryna"]
[Result "0-1"]
[WhiteElo "2053"]
[BlackElo "2291"]
[PlyCount "92"]
[EventDate "2009.05.23"]
[EventType "swiss"]
[EventRounds "9"]
[EventCountry "UKR"]
[SourceTitle "CBM 130 Extra"]
[Source "ChessBase"]
[SourceDate "2009.07.02"]
[SourceVersion "2"]
[SourceVersionDate "2009.07.15"]
[SourceQuality "1"]

1. e4 c5 2. Nf3 d6 3. d4 cxd4 4. Nxd4 Nf6 5. Nc3 g6 6. f3 Bg7 7. Be3 0-0 8. Bc4 Nc6 9. Qd2 Bd7 10. 0-0-0 Rb8 11. Be2 b5 12. Ncxb5 Qc8 13. Nxc6 Bxc6 14. Nd4 Qb7 15. Nb3 Rfc8 16. Kb1 Qc7 17. Bd3 d5 18. Bf4 e5 19. exd5 Nxd5 20. Bg5 Nb4 21. Rhe1 a5 22. Be4 a4 23. Na1 a3 24. b3 f5 25. Bxc6 Qxc6 26. Be7 e4 27. Bxb4 Qf6 28. Qd4 Qxd4 29. Rxd4 Bxd4 30. Bxa3 Bc3 31. Re3 f4 32. Rxe4 Rd8 33. b4 Rd1+ 34. Bc1 Bxa1 35. Kxa1 Rxc1+ 36. Kb2 Rg1 37. Rxf4 Rxg2 38. Kb3 Rxh2 39. c4 Rf8 40. Rxf8+ Kxf8 41. b5 Ke7 42. b6 Kd7 43. a4 Kc6 44. a5 Rh1 45. Kb2 h5 46. c5 Kb7 0-1

[Event "UKR-ch (Women)"]
[Site "Evpatoria"]
[Date "2009.05.28"]
[Round "6"]
[White "Yushko, Olga"]
[Black "Orlyanskaya, Darya"]
[Result "0-1"]
[WhiteElo "2113"]
[BlackElo "2053"]
[PlyCount "42"]
[EventDate "2009.05.23"]
[EventType "swiss"]
[EventRounds "9"]
[EventCountry "UKR"]
[SourceTitle "CBM 130 Extra"]
[Source "ChessBase"]
[SourceDate "2009.07.02"]
[SourceVersion "2"]
[SourceVersionDate "2009.07.15"]
[SourceQuality "1"]

1. d4 e6 2. c4 f5 3. g3 Nf6 4. Bg2 d5 5. Nf3 Bd6 6. Nc3 c6 7. cxd5 exd5 8. 0-0 0-0 9. Ne1 Qe8 10. Nd3 Nbd7 11. Qc2 Nh5 12. b4 a6 13. Na4 Kh8 14. Ndc5 f4 15. g4 Nhf6 16. g5 Qh5 17. h3 Bxc5 18. Nxc5 Nxc5 19. Bxf4 Nfe4 20. Be3 Bxh3 21. bxc5 Qg4 0-1

[Event "UKR-ch U20 Girls"]
[Site "Lugansk"]
[Date "2009.04.12"]
[Round "11"]
[White "Orlyanskaya, Darya"]
[Black "Petrova, Irina"]
[Result "1/2-1/2"]
[WhiteElo "2053"]
[BlackElo "1986"]
[PlyCount "42"]
[EventDate "2009.04.02"]
[EventType "tourn"]
[EventRounds "11"]
[EventCountry "UKR"]
[SourceTitle "CBM 129 Extra"]
[Source "ChessBase"]
[SourceDate "2009.05.05"]
[SourceVersion "2"]
[SourceVersionDate "2009.05.20"]
[SourceQuality "1"]

1. e4 c5 2. Nf3 d6 3. d4 cxd4 4. Nxd4 Nf6 5. Nc3 g6 6. Be3 Bg7 7. f3 0-0 8. Qd2 Nc6 9. Bc4 Nxd4 10. Bxd4 Be6 11. Bxe6 fxe6 12. 0-0-0 Qa5 13. Kb1 Rac8 14. Nd5 Qxd2 15. Nxf6+ Bxf6 16. Rxd2 Bxd4 17. Rxd4 Rc5 18. c3 Rg5 19. Rd2 Rc8 20. Re1 Rb5 21. Kc2 Rc6 1/2-1/2

[Event "UKR-ch U20 Girls"]
[Site "Lugansk"]
[Date "2009.04.10"]
[Round "9"]
[White "Bodrova, Nadezhda"]
[Black "Orlyanskaya, Darya"]
[Result "1/2-1/2"]
[WhiteElo "1984"]
[BlackElo "2053"]
[PlyCount "68"]
[EventDate "2009.04.02"]
[EventType "tourn"]
[EventRounds "11"]
[EventCountry "UKR"]
[SourceTitle "CBM 129 Extra"]
[Source "ChessBase"]
[SourceDate "2009.05.05"]
[SourceVersion "2"]
[SourceVersionDate "2009.05.20"]
[SourceQuality "1"]

1. e4 c5 2. Nf3 Nc6 3. d4 cxd4 4. Nxd4 Nf6 5. Nc3 e5 6. Ndb5 d6 7. Bg5 a6 8. Na3 b5 9. Nd5 Be7 10. Bxf6 Bxf6 11. c3 0-0 12. Nc2 Rb8 13. Be2 Bg5 14. 0-0 Be6 15. Ncb4 Nxb4 16. Nxb4 Qb6 17. Bg4 a5 18. Nd5 Qb7 19. f4 Bxd5 20. fxg5 Bxe4 21. Qxd6 Bxg2 22. Rf2 Qd5 23. Rd1 Qxd6 24. Rxd6 Ba8 25. Bh5 g6 26. Be2 e4 27. Rff6 Rfd8 28. Kf2 Kg7 29. Ke3 Rxd6 30. Rxd6 h6 31. h4 hxg5 32. hxg5 Rh8 33. Rb6 Rh3+ 34. Kd2 Bd5 1/2-1/2

[Event "UKR-ch U20 Girls"]
[Site "Lugansk"]
[Date "2009.04.08"]
[Round "7"]
[White "Babiy, Olga"]
[Black "Orlyanskaya, Darya"]
[Result "1-0"]
[WhiteElo "2159"]
[BlackElo "2053"]
[PlyCount "119"]
[EventDate "2009.04.02"]
[EventType "tourn"]
[EventRounds "11"]
[EventCountry "UKR"]
[SourceTitle "CBM 129 Extra"]
[Source "ChessBase"]
[SourceDate "2009.05.05"]
[SourceVersion "2"]
[SourceVersionDate "2009.05.20"]
[SourceQuality "1"]

1. e4 c5 2. Nf3 Nc6 3. d4 cxd4 4. Nxd4 Nf6 5. Nc3 e5 6. Ndb5 d6 7. Nd5 Nxd5 8. exd5 Nb8 9. c4 a6 10. Qa4 Nd7 11. Qa3 Nb6 12. Nc3 Be7 13. Bd3 0-0 14. 0-0 f5 15. f3 Nd7 16. Rb1 b6 17. b4 Bg5 18. Qb2 Bxc1 19. Qxc1 Qh4 20. Qe3 Rf6 21. f4 Rh6 22. h3 e4 23. Bc2 Rg6 24. Kh2 Nf6 25. Bd1 Rb8 26. Be2 Nd7 27. Na4 Qd8 28. c5 b5 29. Nc3 Qc7 30. c6 Nb6 31. Qd4 Rf6 32. a4 Nxa4 33. Nxa4 bxa4 34. Ra1 Qb6 35. Qxb6 Rxb6 36. Rxa4 Rf8 37. Rfa1 h6 38. Kg1 g5 39. g3 Re8 40. Kf2 e3+ 41. Ke1 Kf8 42. Bd3 Ke7 43. b5 axb5 44. Ra8 Bb7 45. cxb7 Rxb7 46. R8a7 Rxa7 47. Rxa7+ Kf6 48. Bxb5 Rb8 49. Bc6 gxf4 50. gxf4 Rb4 51. Ra4 Rb2 52. Ra3 Rf2 53. Rxe3 Rxf4 54. Re6+ Kf7 55. Rxh6 Re4+ 56. Kf2 Ke7 57. Kf3 Re1 58. Kf4 Rf1+ 59. Kg5 f4 60. Re6+ 1-0

[Event "UKR-ch U20 Girls"]
[Site "Lugansk"]
[Date "2009.04.04"]
[Round "3"]
[White "Mamedova, Leila"]
[Black "Orlyanskaya, Darya"]
[Result "1-0"]
[WhiteElo "2003"]
[BlackElo "2053"]
[PlyCount "145"]
[EventDate "2009.04.02"]
[EventType "tourn"]
[EventRounds "11"]
[EventCountry "UKR"]
[SourceTitle "CBM 129 Extra"]
[Source "ChessBase"]
[SourceDate "2009.05.05"]
[SourceVersion "2"]
[SourceVersionDate "2009.05.20"]
[SourceQuality "1"]

1. e4 c5 2. c3 Nf6 3. e5 Nd5 4. d4 cxd4 5. cxd4 Nc6 6. Nf3 d6 7. Bc4 Nb6 8. Bb5 dxe5 9. Nxe5 Bd7 10. Nxd7 Qxd7 11. Nc3 e6 12. 0-0 a6 13. Bxc6 Qxc6 14. Qe2 Be7 15. Rd1 Rd8 16. Qg4 Bf6 17. Bg5 Bxg5 18. Qxg5 0-0 19. Rac1 Nd5 20. Ne4 Qa4 21. a3 b6 22. Rd3 Rc8 23. h4 Rc2 24. b3 Rxc1+ 25. Qxc1 Qd7 26. Rg3 f5 27. Ng5 f4 28. Rd3 h6 29. Nf3 Rc8 30. Qe1 Rc2 31. Ne5 Qc8 32. Qe4 Rc1+ 33. Kh2 Qd8 34. Nf3 Qf6 35. Rd2 Rc3 36. Rc2 Rxc2 37. Qxc2 Qe7 38. Qc8+ Kh7 39. Qxa6 Nf6 40. Qxb6 Ng4+ 41. Kg1 e5 42. Qc5 Qe6 43. d5 Qf5 44. Ne1 e4 45. Qd4 Nf6 46. d6 Qg4 47. f3 Qxh4 48. Qf2 Qxf2+ 49. Kxf2 e3+ 50. Ke2 Kg8 51. Nd3 g5 52. Ne5 Kf8 53. a4 Nd5 54. a5 Nc3+ 55. Kd3 Nb5 56. a6 Na7 57. b4 Ke8 58. Ng4 Kd7 59. Nxh6 Kxd6 60. Nf7+ Kd5 61. Nxg5 Nb5 62. Nh3 Ke5 63. Ng1 Na7 64. Ne2 Nb5 65. Nc3 Nc7 66. a7 Na8 67. b5 Kd6 68. Ke4 Kc5 69. Kxf4 Kc4 70. Kxe3 Kxc3 71. g4 Kc4 72. Ke4 Kxb5 73. g5 1-0

[Event "UKR-ch U20 Girls"]
[Site "Lugansk"]
[Date "2009.04.02"]
[Round "1"]
[White "Shepeleva, Sofia"]
[Black "Orlyanskaya, Darya"]
[Result "0-1"]
[WhiteElo "1920"]
[BlackElo "2053"]
[PlyCount "94"]
[EventDate "2009.04.02"]
[EventType "tourn"]
[EventRounds "11"]
[EventCountry "UKR"]
[SourceTitle "CBM 129 Extra"]
[Source "ChessBase"]
[SourceDate "2009.05.05"]
[SourceVersion "2"]
[SourceVersionDate "2009.05.20"]
[SourceQuality "1"]

1. d4 Nf6 2. c4 c5 3. d5 b5 4. cxb5 a6 5. b6 Qxb6 6. Nc3 d6 7. e4 g6 8. Nf3 Bg7 9. Be2 0-0 10. 0-0 Nbd7 11. a4 Qb4 12. Qc2 Rb8 13. a5 Ne8 14. Nd2 Nc7 15. Nc4 Qb7 16. Bg4 Nb5 17. Nxb5 axb5 18. a6 Qc7 19. Na5 Ra8 20. Nc6 Nb8 21. Bxc8 Rxc8 22. Nxb8 Rcxb8 23. Bg5 Rb6 24. Qe2 Qd7 25. Ra5 Raxa6 26. Rfa1 Rxa5 27. Rxa5 Rb8 28. h3 h6 29. Bh4 Qb7 30. b3 Bc3 31. Ra3 b4 32. Ra4 g5 33. Bg3 Ra8 34. Qa2 Rxa4 35. Qxa4 c4 36. Qc6 Qxc6 37. dxc6 cxb3 38. c7 b2 39. c8Q+ Kg7 40. Qf5 b1Q+ 41. Kh2 Bf6 42. h4 Qd1 43. e5 dxe5 44. Bxe5 b3 45. hxg5 Qh5+ 46. Kg1 Qxg5 47. Bxf6+ exf6 0-1

[Event "UKR-ch sf U20 Girls"]
[Site "Lvov"]
[Date "2008.12.10"]
[Round "9"]
[White "Kolba, Anastasiya"]
[Black "Orlyanskaya, Darya"]
[Result "0-1"]
[WhiteElo "1845"]
[BlackElo "2076"]
[PlyCount "144"]
[EventDate "2008.12.02"]
[EventType "swiss"]
[EventRounds "9"]
[EventCountry "UKR"]
[SourceTitle "EXT 2010"]
[Source "ChessBase"]
[SourceDate "2010.11.25"]
[SourceVersion "1"]
[SourceVersionDate "2010.11.25"]
[SourceQuality "1"]

1. e4 c5 2. Nc3 a6 3. f4 b5 4. Nf3 Bb7 5. Qe2 g6 6. d3 Bg7 7. Be3 d6 8. e5 Nh6 9. Ne4 0-0 10. h3 f5 11. Neg5 Qc8 12. c3 Nc6 13. exd6 exd6 14. Kf2 Re8 15. Qc2 Qd7 16. g3 Kh8 17. Bg2 Re7 18. Rhe1 Rae8 19. Bd2 Ng8 20. Nh4 Bf6 21. Rxe7 Rxe7 22. Re1 Kg7 23. Bd5 Nd4 24. cxd4 Bxd4+ 25. Be3 Bxe3+ 26. Rxe3 Bxd5 27. Qc3+ Kh6 28. Rxe7 Qxe7 29. a3 Qf6 30. Ng2 Qxc3 31. bxc3 Kg7 32. Ne3 Ne7 33. Ke2 Bg8 34. Nf3 Kf6 35. Kd2 h6 36. h4 Nd5 37. Nc2 Ke7 38. d4 Nf6 39. dxc5 Ne4+ 40. Kd3 dxc5 41. Ne5 Kf6 42. g4 Be6 43. gxf5 Bxf5 44. Ne3 Ng3+ 45. Kd2 Be6 46. Nd3 Ne4+ 47. Kc2 c4 48. Nb4 Nc5 49. Kd2 Bc8 50. Nbd5+ Ke6 51. Nb4 Bb7 52. Ke2 Ne4 53. Na2 Ng3+ 54. Kf2 Nf5 55. Ng2 Bxg2 56. Kxg2 Nxh4+ 57. Kf2 Kd6 58. Nb4 a5 59. Nc2 Nf5 60. Kf3 Kd5 61. Ne1 Nd6 62. Ng2 Nf5 63. Ne1 Kc5 64. Nc2 h5 65. Ke4 Kd6 66. Ne1 Kc5 67. Nc2 h4 68. Kf3 h3 69. Kf2 Kd5 70. Kf3 h2 71. Kg2 Ke4 72. Kxh2 Kd3 0-1

[Event "UKR-ch sf U20 Girls"]
[Site "Lvov"]
[Date "2008.12.07"]
[Round "6"]
[White "Buksa, Nataliya"]
[Black "Orlyanskaya, Darya"]
[Result "0-1"]
[WhiteElo "1902"]
[BlackElo "2076"]
[PlyCount "150"]
[EventDate "2008.12.02"]
[EventType "swiss"]
[EventRounds "9"]
[EventCountry "UKR"]
[SourceTitle "EXT 2010"]
[Source "ChessBase"]
[SourceDate "2010.11.25"]
[SourceVersion "1"]
[SourceVersionDate "2010.11.25"]
[SourceQuality "1"]

1. e4 c5 2. Nf3 Nc6 3. d4 cxd4 4. Nxd4 Nf6 5. Nc3 e5 6. Nb3 Bb4 7. Bg5 Bxc3+ 8. bxc3 h6 9. Bxf6 Qxf6 10. Bc4 Qg6 11. Qf3 d6 12. Nd2 0-0 13. 0-0 Ne7 14. Qg3 Qxg3 15. hxg3 Bd7 16. f4 Rac8 17. Rf3 Bg4 18. Re3 g6 19. Kf2 Kg7 20. Rb1 b6 21. Rd3 Rfd8 22. Ba6 Rc5 23. Nc4 exf4 24. gxf4 d5 25. Ne3 Be6 26. exd5 Bf5 27. Nxf5+ Nxf5 28. Rb5 Nd6 29. Rb4 Ra5 30. Bc4 Nxc4 31. Rxc4 Rdxd5 32. a4 Rac5 33. Rxd5 Rxc4 34. a5 Rxc3 35. axb6 Rxc2+ 36. Kf3 axb6 37. Rb5 Rc6 38. g4 Kf8 39. Ke4 Ke7 40. Rb2 Rc4+ 41. Kf3 Rc3+ 42. Ke4 Rc4+ 43. Kf3 Rc6 44. Ke4 Kd7 45. Rh2 b5 46. Rxh6 b4 47. Rh2 Rc4+ 48. Ke5 Ke7 49. g5 b3 50. Rb2 Rb4 51. Kd5 Rxf4 52. Rxb3 Rf5+ 53. Ke4 Rxg5 54. Kd4 Ke6 55. Ke4 Rg4+ 56. Kf3 f5 57. Rb6+ Kf7 58. Ke3 Kg7 59. Kf3 Kh6 60. Rb8 Kg5 61. Rb6 Ra4 62. Kg3 Ra3+ 63. Kg2 f4 64. Kf2 Kf5 65. Rb2 Kg4 66. Kg2 g5 67. Kh2 Rh3+ 68. Kg2 f3+ 69. Kg1 Rh7 70. Rb5 Rc7 71. Ra5 Rc2 72. Rb5 Kh4 73. Rb4+ Kg3 74. Rb1 Rg2+ 75. Kf1 Rh2 0-1